000 00849nam a22001937a 4500
999 _c64156
_d64156
003 Ge_BSU
005 20260422143537.0
008 260422s1973 ge ||||| |||| 00| 0 geo d
041 _ageo
080 _a31:338.45(075.8) ო-46
100 _aომიაძე, ვლადიმერ
_927344
245 _aმრეწველობის სტატისტიკა /
_c ვლ. ომიაძე; [რედ.: ალ. ბაწელაშვილი].
264 _aთბ. :
_bთბილ. უნ-ტის გამ-ბა,
_c1993.
300 _a428გვ. ;
_b20სმ.
504 _aბიბლიოგრ.: გვ. 424.
653 _aმრეწველობის სტატისტიკა
700 _aბაწელაშვილი, ალ.
_eრედაქტორი
_927345
942 _2udc
_cᲬᲘᲒᲜᲘ